01340 a2200205 45000010006000000050017000060080041000230030015000640400040000790800149001192450028002680200018002962500012003142640029003263000025003555050694003800410008010741000025010827000027011075536420260407155827.0260407a1974 arg spa dAR-UNSa-BCEJYS aAR-UNSa-BCEJYSbspacAR-UNSa-BCEJYS a340.12xTendencias en la teoría del derecho. Escuelas, doctrinas jurídicas. Filosofía del derecho. Teorías sobre el Estado y el derecho 10aFilosofía del derecho a84-7162-322-6 a9a. ed. 1aBarcelona :bBoschc1974 axxiv, 559 p.c22 cm. a1. Historia de la filosofía del derecho - 2. Filosofía griega - 3. Los juristas romanos - 4. El cristianismo y la filosofía del derecho en la edad media - 5. El renacimiento - 6. La filosofía del derecho en la edad moderna - 7. Concepto y temas de la filosofía del derecho - 8. Relaciones entre la filosofía del derecho y las materias afines - 9. Métodos en general y métodos de la filosofía del derecho - 10. El concepto del derecho - 11. Análisis del concepto del derecho - 12. Relaciones entre derecho y moral - 13. El derecho en sentido objetivo - 14. La coercibilidad en el derecho - 15. Fuentes del derecho positivo - 16. El derecho subjetivo - 17. La sociedad -  aspa1 aDel Vecchio, Giorgio1 aLegaz y Lacambra, Luis